| 000 | 00869nam a2200265 i 4500 | ||
|---|---|---|---|
| 001 | bg | ||
| 100 | 1 | _aDUBOIS, Brenda | |
| 245 | 1 | 0 |
_aPraca socjalna : _bzawód, który dodaje sił. _nT. 1 / _cBrenda Dubois, Karla Krogsrud Miley ; tł. [z ang.] Krzysztof Czekaj. |
| 246 |
_iTyt. oryg.: _aSocial work. An empowering profession |
||
| 260 |
_aKatowice : _b"Śląsk", _c1999. |
||
| 300 |
_a256, [1] s. ; _c21 cm. |
||
| 490 | 1 | _aBiblioteka Pracownika Socjalnego | |
| 500 | _aTyt. oryg.: "Social work. An empowering profession". | ||
| 650 | 9 | _aOpieka społeczna | |
| 655 | _aPodręczniki | ||
| 700 | 1 | _aKROGSRUD-MILEY, Karla | |
| 830 | _aBiblioteka Pracownika Socjalnego | ||
| 020 | _a8371641486 (t.1) | ||
| 040 | _cBPK | ||
| 041 | 1 |
_apl _hen |
|
| 080 | _a364(07) | ||
| 920 | _a83-7164-148-6 (t.1) | ||
| 942 | _cKS | ||
| 008 | s pl f |000 0 pol | ||
| 999 |
_c38485 _d38485 |
||
| 856 |
_uhttp://koha.tu.koszalin.pl/cgi-bin/koha/opac-detail.pl?biblionumber=38485 _yKatalog online BPK |
||